|
|
|
|
| LEADER |
01481nam a2200325 a 4500 |
| 001 |
584 |
| 003 |
BD-DhAAL |
| 005 |
20150627092734.0 |
| 008 |
150627s2001 bg b 000 0 eng |
| 010 |
|
|
|a 2001417068
|
| 020 |
|
|
|a 984311289X
|
| 040 |
|
|
|a DLC
|c DLC
|d DLC
|d BD-DhAAL
|
| 050 |
0 |
0 |
|a KNG516
|b .K35 2001
|
| 082 |
|
|
|a 346.015
|
| 100 |
1 |
|
|a Kamal, Sultana.
|9 12456
|
| 245 |
1 |
0 |
|a Her unfearing mind :
|b women and Muslim laws in Bangladesh /
|c Sultana Kamal.
|
| 260 |
|
|
|a Dhaka :
|b Ain o Salish Kendro,
|c 2001.
|
| 300 |
|
|
|a 158 p. ;
|c 21 cm.
|
| 504 |
|
|
|a Includes bibliographical references (p. [154]).
|
| 520 |
|
|
|a Report of the Research Project on Women and Law in the Muslim World conducted by the international solidarity network of Women Living Under Muslim Laws.
|
| 541 |
|
|
|e 584
|
| 650 |
|
0 |
|a Women
|x Legal status, laws, etc.
|z Bangladesh.
|9 12457
|
| 650 |
|
0 |
|a Women (Islamic law)
|z Bangladesh.
|9 12458
|
| 710 |
2 |
|
|a Āina Sāliśa Kendra (Dhaka, Bangladesh)
|9 12459
|
| 710 |
2 |
|
|a Research Project on Women and Law in the Muslim World.
|9 12460
|
| 710 |
2 |
|
|a Women Living Under Muslim Laws (Organization)
|9 12461
|
| 942 |
|
|
|2 ddc
|c BK
|
| 999 |
|
|
|c 34840
|d 34840
|
| 952 |
|
|
|0 0
|1 0
|2 ddc
|4 0
|6 346_015000000000000_KAM
|7 0
|9 54517
|a SCL
|b SCL
|c GEN
|d 2015-06-27
|l 1
|m 7
|o 346.015 KAM
|p 3020000584
|r 2020-03-10
|s 2020-01-19
|t 1
|w 2015-06-27
|y BK
|
| 952 |
|
|
|0 0
|1 0
|2 ddc
|4 0
|6 346_015000000000000_KAM
|7 0
|9 54649
|a SCL
|b SCL
|c GEN
|d 2015-07-01
|g 350.00
|l 0
|o 346.015 KAM
|p 3020000460
|r 2015-07-01
|t 2
|w 2015-07-01
|y BK
|